000 00654nam a2200229Ia 4500
003 OSt
005 20220924130149.0
006 a|||||r|||| 00| 0
007 ta
008 220923b |||||||| |||| 00| 0 per d
024 _a327794
037 _cTextual
040 _aARTS
_cARTS
_bper
041 _2per
_aper
082 _aO164,1M301x, M6
100 _aZingoi Abdul Majeed Au.
_9199615
245 0 _aSher-e-dashti-o-dashtsatan
260 _aTehran
_bMaususa intasharat ameer kabeer Iran
_c1986
650 _aPERSIAN POETRY
942 _hO164,1M301x, M6
_cTEXL
_2CC
999 _c424188
_d424188